000 00303nam a2200133Ia 4500
100 _aHampton/John.J
942 _cBK
654 _aFinancial Decision Making
245 _aFinancial Decision Making
260 _bPrentice Hall of India
_aNewDelhi
082 _a658
300 _a550
546 _aENGLISH
999 _c29292
_d29292